000 00334nam a22001457a 4500
020 _a-
082 _a297.63 AHM
100 _aAhmed Raza Khan Barelwi
245 _aHadaiq-e-Bakhshish (Urdu)
260 _aLahore
_bAkbar Book Sallers
_c2004
300 _a126 p.
500 _aIncludes index
650 _aHadees and Naat
942 _cBK
999 _c13119
_d13119